[Event "USA-ch"]
[Site "Modesto"]
[Date "1995.??.??"]
[Round "12"]
[White "Khmelnitsky, Igor N"]
[Black "Ivanov, Alexander"]
[Result "0-1"]
[WhiteElo "2490"]
[BlackElo "2530"]

1.e4 e5 2.Nf3 Nc6 3.Bb5 a6 4.Bxc6 dxc6 5.O-O Qd6 6.Na3 Be6 7.Qe2 f6 8.Nc4 Qd7
9.a4 c5 10.b3 Ne7 11.Ba3 Nc6 12.d3 Be7 13.Ne3 O-O-O 14.a5 g5 15.Nd2 Nd4 16.Qd1 h5
17.Ndc4 g4 18.Rb1 h4 19.b4 Nb5 20.bxc5 Nxa3 21.Nxa3 Bxc5 22.Nac4 Bxc4 23.Nxc4 g3
24.Qf3 Bxf2+ 25.Kh1 h3 26.Rxf2 gxf2 27.g3 Qd4 28.Rf1 Rhf8 29.Qf5+ Kb8 30.Rxf2 Qa1+
31.Rf1 Qc3 32.Ne3 Qd2  0-1

[Event "New York Syracuse"]
[Site "New York"]
[Date "1995.??.??"]
[Round "1"]
[White "Ippolito, Dean"]
[Black "Ivanov, Alexander"]
[Result "0-1"]
[WhiteElo "2270"]
[BlackElo "2530"]

1.d4 g6 2.c4 Bg7 3.Nf3 c5 4.d5 d6 5.Nc3 f5 6.g3 Bxc3+ 7.bxc3 Nf6 8.Bg2 Qa5
9.Qb3 Nbd7 10.Ng5 Nb6 11.Ne6 Kf7 12.Ng5+ Kg7 13.Ne6+ Bxe6 14.dxe6 Qa6 15.Bg5 Ne4
16.Bxe7 Nxc4 17.Bxe4 fxe4 18.Rd1 Rhe8 19.Bxd6 Nxd6 20.Qd5 Nc4 21.Qd7+ Kh8
22.e7 Qc6 23.Qd8 Qf6 24.Qd5 Qxc3+ 25.Kf1 Rxe7  0-1

[Event "World op"]
[Site "Philadelphia"]
[Date "1995.??.??"]
[Round "2"]
[White "Ivanov, Alexander"]
[Black "Frank, Mario"]
[Result "1-0"]
[WhiteElo "2530"]
[BlackElo "2230"]

1.e4 c5 2.Nf3 d6 3.d4 cxd4 4.Nxd4 Nf6 5.Nc3 e6 6.g4 Be7 7.g5 Nfd7 8.h4 Nc6
9.Be3 O-O 10.Qh5 g6 11.Qe2 e5 12.Nb3 Nb6 13.O-O-O Be6 14.Nd5 Bxd5 15.exd5 Nb4
16.Qb5 Na6 17.Na5 Qc7 18.Nxb7 Rfc8 19.Rd2 Qxb7 20.Qxa6 Qc7 21.Qa5 Rab8 22.Ba6 Rd8
23.h5 Bf8 24.hxg6 hxg6 25.Qb4 Bg7 26.Qh4 Nd7 27.Bc4 Rb4 28.Qh7+ Kf8 29.Bb3 a5
30.c3 Nc5 31.Bc2 Rb7 32.f4 exf4 33.Bd4 Bxd4 34.Rxd4  1-0

[Event "World op"]
[Site "Philadelphia"]
[Date "1995.??.??"]
[Round "5"]
[White "Saidy, Anthony Fred"]
[Black "Ivanov, Alexander"]
[Result "0-1"]
[WhiteElo "2385"]
[BlackElo "2530"]

1.Nf3 g6 2.d4 Bg7 3.g3 c5 4.c3 Qa5 5.Nbd2 cxd4 6.Nb3 Qb6 7.cxd4 Nf6 8.Bg2 O-O
9.O-O a5 10.Nc5 Qa7 11.Bg5 d6 12.Bxf6 Bxf6 13.Ne4 Bg7 14.e3 b5 15.Qe2 Ba6
16.Rfc1 Nd7 17.Rc2 Rac8 18.Rac1 b4 19.Qd1 Nb6 20.Rxc8 Rxc8 21.Rxc8+ Bxc8
22.Qc2 h6 23.Ned2 Bf5 24.Qc6 Bd7 25.Qc2 a4 26.Bf1 Be6 27.b3 a3 28.Ne1 Qb8
29.Nd3 Nd5 30.Nc4 Bf5 31.Qd2 Be4 32.Bg2 Bxg2 33.Kxg2 Nc3 34.Kg1 e5 35.dxe5 dxe5
36.e4 Qb7 37.f3 f5 38.Ndxe5 fxe4 39.f4 Qd5 40.Qxd5+ Nxd5 41.Nc6 Bf8 42.Nd2 Nc3
43.Kf1 Nxa2 44.Nd4 Nc1 45.Nc2 a2 46.Nxe4 Nxb3  0-1

[Event "World op"]
[Site "Philadelphia"]
[Date "1995.??.??"]
[Round "6"]
[White "Ivanov, Alexander"]
[Black "Friedman, Aviv"]
[Result "0-1"]
[WhiteElo "2530"]
[BlackElo "2295"]

1.e4 c5 2.Nf3 Nc6 3.d4 cxd4 4.Nxd4 e5 5.Nb5 d6 6.a4 Be6 7.N1c3 a6 8.Na3 Be7
9.Nc4 Rc8 10.Nd5 Bxd5 11.exd5 Nb8 12.a5 Nd7 13.Be2 Ngf6 14.Be3 O-O 15.O-O Ne8
16.Nb6 Nxb6 17.Bxb6 Qd7 18.c4 f5 19.b4 Nf6 20.f3 Nh5 21.Qb3 Nf4 22.Bd1 Kh8
23.g3 Ng6 24.f4 exf4 25.gxf4 Bd8 26.Be3 Qe7 27.c5 Nh4 28.Qd3 Rf6 29.Kh1 Rh6
30.cxd6 Qxd6 31.Bc5 Qd7 32.Ba4 Qf7 33.Rae1 Bf6 34.d6 Qa2 35.Bc2 Bd4 36.d7 Qd5+
37.Qe4 Qxd7 38.Qxd4 Qc6+ 39.Be4 fxe4 40.Qxe4 Qxe4+ 41.Rxe4 Nf5 42.Rg1 Kg8
43.Re5 Rf6 44.Rd1 Rf7 45.Red5 g6 46.Rd8+ Rxd8 47.Rxd8+ Kg7 48.Kg2 Kf6 49.Kf3 Ke6
50.Ke4 Rc7 51.Re8+ Kf7 52.Re5 Kf6 53.Rd5 Ke6 54.Rd8 Rf7 55.Re8+ Kd7 56.Re5 Rg7
57.Kd5 Rf7 58.Re4 Ng7 59.Be3 Rf5+ 60.Re5 Rf6 61.Ke4 Nf5 62.Bc5 Rf7 63.Kd5 Ng7
64.Be3 Rf6 65.Ke4 Nf5 66.Bf2 Nd6+ 67.Kf3 Rf7 68.Bc5 Nf5 69.Re1 Nh4+ 70.Kg3 Nf5+
71.Kg4 Nh6+ 72.Kg5 Ng8  0-1

[Event "Vladivostok2 op"]
[Site "Vladivostok"]
[Date "1995.??.??"]
[Round "1"]
[White "Ivanov, Alexander V"]
[Black "Kaiumov, Dmitry D"]
[Result "1/2-1/2"]
[WhiteElo "2280"]
[BlackElo "2435"]

1.d4 Nf6 2.c4 e6 3.Nc3 Bb4 4.g3 c5 5.Nf3 cxd4 6.Nxd4 O-O 7.Bg2 d5 8.O-O dxc4
9.Nc2 Bxc3 10.bxc3 Qc7 11.Ne3 Rd8 12.Qa4 Bd7 13.Qxc4 Qxc4 14.Nxc4 Bc6 15.Ba3 Bxg2
16.Kxg2 Nc6 17.Rfd1 Ne4 18.Rdc1 b5 19.Nb2 Rac8 20.Nd3 Na5 21.f3 Nc4 22.Be7 Rd7
23.fxe4 Rxe7 24.a4 bxa4 25.Rxa4 f5 26.e5 Rb7 27.Rb4 Rbc7 28.Ra4 Rb8 29.Rb4 Rd8
30.Ra1 Rd5 31.Ra6 Kf7 32.Rba4 Rdd7 33.h4 Ne3+ 34.Kf3 Nd5 35.Rd6 Nxc3 36.Raa6 Nb5
37.Rxd7+ Rxd7 38.Nc5 Re7 39.e4 g6 40.Kf4 h6 41.Ke3 fxe4 42.Kxe4 Nc3+ 43.Kd3 Nd5
44.Kd4 Nc7 45.Rc6 Ne8 46.Ne4 Rd7+ 47.Nd6+ Ke7 48.Kc5 Nc7 49.Nc8+ Kd8 50.Nd6 h5
51.Kc4 Rg7 52.Ne4 Rf7 53.Ng5 Re7 54.Rd6+ Kc8 55.Kc5 Kb7 56.Rd8 Ne8 57.Ne4 Rc7+
58.Kb5 a6+ 59.Kb4 Ng7 60.Nc5+ Kb6 61.Rb8+ Kc6 62.Rd8 Nf5 63.Nxe6 Re7 64.Nd4+ Nxd4
65.Rxd4 Rxe5 66.g4  1/2-1/2

[Event "Vladivostok2 op"]
[Site "Vladivostok"]
[Date "1995.??.??"]
[Round "2"]
[White "Iskusnyh, Sergei"]
[Black "Ivanov, Alexander V"]
[Result "1-0"]
[WhiteElo "2430"]
[BlackElo "2280"]

1.d4 Nf6 2.c4 g6 3.Nc3 Bg7 4.e4 d6 5.Be2 O-O 6.Nf3 c5 7.O-O Bg4 8.d5 Na6
9.Bg5 Qb6 10.Rb1 Rfe8 11.h3 Bd7 12.Qd2 e5 13.dxe6 Bxe6 14.Rfd1 Nd7 15.Nb5 Ne5
16.Nxd6 Red8 17.Bxd8 Rxd8 18.Qf4 Nxf3+ 19.Bxf3 Bd4 20.e5 f6 21.Rxd4 cxd4
22.Qxf6 Nc5 23.Bg4 Bxg4 24.Qf7+ Kh8 25.Qf6+ Kg8 26.Qf7+ Kh8 27.hxg4 Nd7 28.Ne8  1-0

[Event "Vladivostok op"]
[Site "Vladivostok"]
[Date "1995.??.??"]
[Round "2"]
[White "Ivanov, Timur"]
[Black "Ivanov, Alexander V"]
[Result "1/2-1/2"]
[WhiteElo "2425"]
[BlackElo "2280"]

1.Nf3 c5 2.c4 g6 3.e4 Bg7 4.d4 Nc6 5.dxc5 Qa5+ 6.Nfd2 Nd4 7.Bd3 Qxc5 8.O-O d6
9.Nc3 Nf6 10.Nb3 Nxb3 11.axb3 a6 12.Be3 Qc7 13.Qe2 O-O 14.h3 Bd7 15.f4 Bc6
16.b4 e6 17.Rac1 Rfe8 18.Rfd1 b6 19.b5 Bb7 20.Qf2 Nd7 21.bxa6 Bxa6 22.b4 Rec8
23.Na4 Rcb8 24.Nc3 Rc8 25.Na4 Rcb8  1/2-1/2

[Event "Vladivostok2 op"]
[Site "Vladivostok"]
[Date "1995.??.??"]
[Round "3"]
[White "Vekshenkov, Nikolai"]
[Black "Ivanov, Alexander V"]
[Result "1/2-1/2"]
[WhiteElo "2375"]
[BlackElo "2280"]

1.e4 c5 2.Nf3 Nc6 3.c3 Nf6 4.e5 Nd5 5.d4 cxd4 6.cxd4 d6 7.exd6 Bg4 8.Be2 e6
9.Nc3 Bxd6 10.O-O O-O 11.Be3 Nf4 12.Bb5 Ne7 13.h3 Bh5 14.Re1 Rc8 15.Bf1 Ned5
16.Rc1 a6 17.g3 Nxc3 18.bxc3 Nd5 19.c4 Bb4 20.g4 Nxe3 21.Rxe3 Bg6 22.c5 Ba5
23.Rb3 Be4 24.Ne5 Bc7 25.Re3 Bxe5 26.Rxe4 Bf6 27.Bg2 Qd7 28.Rc4 Rfd8 29.Qa4 Qc7
30.Rb4 Rb8  1/2-1/2

[Event "Vladivostok op"]
[Site "Vladivostok"]
[Date "1995.??.??"]
[Round "4"]
[White "Khavrenko, V."]
[Black "Ivanov, Alexander V"]
[Result "1/2-1/2"]
[WhiteElo "2350"]
[BlackElo "2280"]

1.d4 Nf6 2.c4 c5 3.Nf3 e6 4.g3 cxd4 5.Nxd4 Bb4+ 6.Nc3 Ne4 7.Qc2 Qa5 8.Nb5 d5
9.Bf4 Na6 10.Bg2 dxc4 11.Bxe4 Qxb5 12.O-O Qa5 13.Rfd1 Nc5 14.Bf3 Bd7 15.Ne4 Nxe4
16.Qxe4 Bc6  1/2-1/2

[Event "Vladivostok2 op"]
[Site "Vladivostok"]
[Date "1995.??.??"]
[Round "5"]
[White "Shuraev, Andrei"]
[Black "Ivanov, Alexander V"]
[Result "1/2-1/2"]
[WhiteElo "2405"]
[BlackElo "2280"]

1.Nf3 c5 2.g3 g6 3.Bg2 Bg7 4.c4 Nc6 5.Nc3 e6 6.d4 cxd4 7.Nb5 d5 8.cxd5 Qa5+
9.Nd2 Qxb5 10.dxc6 Ne7 11.a4 Qb6 12.Nc4 Qb4+ 13.Bd2 Qxc4 14.cxb7 Rb8 15.Rc1 Qa6
16.bxc8=Q+ Rxc8 17.Rxc8+ Nxc8 18.O-O O-O 19.b4 Qc4 20.Re1 Nb6 21.a5 Nd5 22.Bxd5 exd5
23.Qb1 Rb8 24.Qd3 Bf8 25.Rb1 a6 26.Kg2 Kg7 27.Qf3 Re8 28.Kf1 Qc2 29.Qd3 Qxd3
30.exd3 Rb8 31.Ke2 Kf6 32.Kd1 Ke6 33.Kc2 Kd7 34.Kb3 Rc8 35.Rb2 Rb8 36.Ka4 Kc6
37.Bf4 Rb7 38.Be5 Bc5 39.Bf6 Rb5 40.g4 Kd7 41.Bg7 Kc6 42.h3 Kd7 43.Rb1 Kc6
44.Rb3 Ba7 45.Bf6 Kd7 46.g5 Kc6 47.Be5 Kd7 48.Ka3 Ke6 49.Bf6 Kf5 50.Rb2 Bb8
51.Bxd4 Bd6 52.Be3 Rxa5+ 53.Kb3 Rb5 54.Bd2 Rb6 55.Ra2 Rc6 56.Ra5 Ke6 57.Be3 Be7
58.Ra1 Bd8 59.Rg1 Bc7 60.Rg4 Be5 61.Bd4 f6 62.gxf6 Kxf6 63.Bc5 Kf5 64.Ka4 h5
65.Rg1 Bc7 66.Be3 Bd8 67.Rg3 Be7 68.Rf3+ Ke6 69.Rg3 Ke5 70.Rf3 d4 71.Bh6 Rb6
72.Bd2 Rc6  1/2-1/2

[Event "Vladivostok op"]
[Site "Vladivostok"]
[Date "1995.??.??"]
[Round "6"]
[White "Ivanov, Alexander V"]
[Black "Savon, Vladimir A"]
[Result "1-0"]
[WhiteElo "2280"]
[BlackElo "2390"]

1.d4 d5 2.c4 c6 3.Nf3 e6 4.Nc3 dxc4 5.e3 b5 6.a4 Bb4 7.Bd2 Ne7 8.axb5 Bxc3
9.Bxc3 cxb5 10.b3 Bb7 11.bxc4 bxc4 12.Bxc4 O-O 13.O-O Nd7 14.Qe2 Nb6 15.Bd3 Ned5
16.Bd2 Qd6 17.Rfb1 Rfc8 18.Ng5 Nf6 19.f3 h6 20.Nh3 Bd5 21.Bb4 Qc7 22.Bc5 Nfd7
23.Ba6 Bb7 24.Bxb7 Qxb7 25.Ra5 Qc7 26.Rba1 Nxc5 27.Rxc5 Qe7 28.Rca5 Nd5 29.Nf2 Nb4
30.Ne4 Rc2 31.Qf1 f5 32.Nc5 e5 33.Rc1 Rxc1 34.Qxc1 exd4 35.Qc4+ Kh8 36.Qxb4 Qxe3+
37.Kf1 Qc1+ 38.Qe1 Qc4+ 39.Qe2 Qb4 40.Rb5 Qa3 41.Nd3 Rf8 42.g3 a5 43.Nf4 Kh7
44.Kg2 a4 45.Rb7 Qe3 46.Qa6 Qe8 47.Qa7  1-0

[Event "Vladivostok2 op"]
[Site "Vladivostok"]
[Date "1995.??.??"]
[Round "6"]
[White "Ivanov, Alexander V"]
[Black "Zhidkov, Valery S"]
[Result "1-0"]
[WhiteElo "2280"]
[BlackElo "2315"]

1.Nf3 Nf6 2.c4 e6 3.Nc3 d5 4.d4 dxc4 5.e4 Bb4 6.Bg5 h6 7.Bxf6 Qxf6 8.Bxc4 O-O
9.O-O Rd8 10.e5 Qe7 11.Ne4 Nd7 12.a3 Ba5 13.Qe2 a6 14.Bd3 c5 15.dxc5 Nxc5
16.Nxc5 Qxc5 17.Rfd1 Bb6 18.Rac1 Qe7 19.h4 Bd7 20.Qe4 g6 21.Qxb7 Rdb8 22.Qe4 h5
23.Qf4 Rd8 24.Ng5 Be8 25.Ne4 Kg7 26.Nf6 Qa7 27.Rc2 Bb5 28.Rcd2 Bxd3 29.Rxd3 Rxd3
30.Rxd3 Rd8 31.Nxh5+ Kh7 32.Nf6+ Kg7 33.Rxd8 Bxd8 34.h5 Qb7 35.Ne8+ Kh7 36.Nd6  1-0

[Event "Vladivostok op"]
[Site "Vladivostok"]
[Date "1995.??.??"]
[Round "7"]
[White "Nevostrujev, Vladimir"]
[Black "Ivanov, Alexander V"]
[Result "0-1"]
[WhiteElo "2425"]
[BlackElo "2280"]

1.e4 c5 2.Nf3 Nc6 3.d4 cxd4 4.Nxd4 Nf6 5.Nc3 e5 6.Ndb5 d6 7.Bg5 a6 8.Na3 b5
9.Bxf6 gxf6 10.Nd5 f5 11.c3 Bg7 12.exf5 Bxf5 13.Nc2 Be6 14.g3 Ne7 15.Bg2 Nxd5
16.Bxd5 O-O 17.Bxa8 Qxa8 18.f3 d5 19.O-O d4 20.cxd4 exd4 21.Nb4 d3 22.Qd2 Rd8
23.Rac1 Rd6 24.Qf4 Qd8 25.Kg2 d2 26.Rcd1 Rd4 27.Nc6 Bh3+ 28.Kh1 Rxf4 29.Nxd8 Rd4
30.Rf2 Rxd8 31.Rfxd2 Rxd2 32.Rxd2 Be6 33.b3 Bc3 34.Rd6 a5 35.Rb6 Bd7 36.Kg2 a4
37.Rb7 Be8 38.bxa4 bxa4 39.Kf2 a3 40.Ke3 f6 41.Rb8 Kf7 42.g4 Bb2 43.Rb6 Kg6
44.Rb7 Bc6  0-1

[Event "Vladivostok2 op"]
[Site "Vladivostok"]
[Date "1995.??.??"]
[Round "7"]
[White "Cherniaev, Alexander"]
[Black "Ivanov, Alexander V"]
[Result "1/2-1/2"]
[WhiteElo "2450"]
[BlackElo "2280"]

1.e4 c5 2.Nf3 Nf6 3.e5 Nd5 4.c3 Nc6 5.Bc4 Nb6 6.Bb3 c4 7.Bc2 g6 8.Qe2 d5
9.exd6 Qxd6 10.Na3 Qe6 11.Nb5 Qxe2+ 12.Kxe2 Kd7 13.d3 a6 14.Na3 cxd3+ 15.Bxd3 e5
16.Nc4 Nxc4 17.Bxc4 f6 18.Be3 Bd6 19.Nd2 Ke7 20.Ne4 Be6 21.Nxd6 Kxd6 22.Rhd1+ Nd4+
23.Kd3 Rhc8 24.Bxe6 Nxe6 25.f3 Kc6 26.Ke4 Nc7 27.c4  1/2-1/2

[Event "Vladivostok2 op"]
[Site "Vladivostok"]
[Date "1995.??.??"]
[Round "8"]
[White "Ivanov, Alexander V"]
[Black "Saltaev, Mihail"]
[Result "0-1"]
[WhiteElo "2280"]
[BlackElo "2495"]

1.d4 Nf6 2.c4 d6 3.Nc3 Nbd7 4.Nf3 e5 5.e4 Be7 6.Be2 O-O 7.O-O c6 8.Re1 h6
9.a3 a5 10.b3 Nh7 11.d5 Ng5 12.Nd2 Nc5 13.Rb1 f5 14.b4 axb4 15.axb4 Ncxe4
16.Ndxe4 Nxe4 17.Nxe4 fxe4 18.Bg4 Ra2 19.Rf1 Kh8 20.Qb3 Ra8 21.Qh3 cxd5 22.cxd5 Bg5
23.Be3 Bf4 24.Rfc1 Bxg4 25.Qxg4 Rc8 26.Qg6 Qf6 27.Qxe4 Qh4 28.Bxf4 Rxc1+
29.Rxc1 Qxf4 30.Qxf4 Rxf4 31.Rc8+ Kh7 32.Rd8 Rxb4 33.f4 Rxf4 34.Rxd6 Rd4
35.Rb6 Rxd5 36.Rxb7 Kg6 37.Rb2 Kf5 38.Kf2 Rd3 39.Ke2 Ra3 40.Rc2 g5 41.Kf2 h5
42.Rb2 h4 43.Rc2 h3 44.g3 Ra1 45.Kf3 Rf1+ 46.Ke3 Rg1 47.Kf3 Rg2 48.Rc4 Rxh2
49.g4+ Ke6 50.Rc6+ Kd5 51.Rg6 Rh1 52.Rxg5 Kd4 53.Kg3 e4 54.Rg8 e3 55.Rd8+ Kc3
56.Kf3 Rf1+ 57.Kxe3 h2 58.Rc8+ Kb4 59.Rh8 h1=Q 60.Rxh1 Rxh1 61.Ke4 Kc5 62.Kf5 Kd6
63.Kf6 Rf1+  0-1

[Event "Vladivostok op"]
[Site "Vladivostok"]
[Date "1995.??.??"]
[Round "8"]
[White "Ivanov, Alexander V"]
[Black "Gagarin, Vasilij"]
[Result "1/2-1/2"]
[WhiteElo "2280"]
[BlackElo "2440"]

1.d4 Nf6 2.c4 e6 3.Nc3 Bb4 4.Bg5 c5 5.d5 h6 6.Bh4 Bxc3+ 7.bxc3 d6 8.e3 e5
9.Qc2 Qe7 10.Nf3 Nbd7 11.Nd2 e4 12.Be2 g5 13.Bg3 Nf8 14.h4 Rg8 15.hxg5 hxg5
16.Rb1 Ng6 17.Rb2 Kf8 18.Nb1 Kg7 19.Bd1  1/2-1/2

[Event "Vladivostok op"]
[Site "Vladivostok"]
[Date "1995.??.??"]
[Round "9"]
[White "Budnikov, Alexandar"]
[Black "Ivanov, Alexander V"]
[Result "1/2-1/2"]
[WhiteElo "2535"]
[BlackElo "2280"]

1.d4 Nf6 2.c4 c5 3.d5 e6 4.Nc3 exd5 5.cxd5 d6 6.g3 g6 7.Bg2 Bg7 8.Nf3 O-O
9.O-O Re8 10.Bf4 a6 11.a4 Ne4 12.Nxe4 Rxe4 13.Nd2 Rb4 14.Ra2 g5 15.Be3  1/2-1/2

[Event "US op"]
[Site "Alexandria"]
[Date "1996.??.??"]
[Round "10"]
[White "Ivanov, Alexander V"]
[Black "Meyer, John C"]
[Result "1-0"]
[WhiteElo "2280"]
[BlackElo "2345"]

1.e4 c5 2.Nf3 d6 3.d4 cxd4 4.Nxd4 Nf6 5.Nc3 e6 6.g4 h6 7.Bg2 Nc6 8.h3 Be7
9.Be3 Nxd4 10.Qxd4 e5 11.Qd3 Be6 12.O-O-O O-O 13.f4 exf4 14.Bxf4 Nd7 15.Bxd6 Bxd6
16.Qxd6 Qa5 17.a3 Nb6 18.Nd5 Nc4 19.Qb4 Qxb4 20.axb4 Bxd5 21.exd5 Ne3 22.Rd2 Rad8
23.Be4 Rfe8 24.Rd4 b5 25.b3 Re5 26.Re1 f5 27.Rxe3 fxe4 28.c4  1-0

[Event "US op"]
[Site "Alexandria"]
[Date "1996.??.??"]
[Round "11"]
[White "Serper, Grigory"]
[Black "Ivanov, Alexander V"]
[Result "1/2-1/2"]
[WhiteElo "2540"]
[BlackElo "2280"]

1.c4 e5 2.g3 Nc6 3.Bg2 g6 4.Nc3 Bg7 5.Rb1 Nf6 6.b4 O-O 7.e3 Ne7 8.Nge2 d5
9.cxd5 Nexd5 10.O-O Nxc3 11.Nxc3 Bf5 12.e4 Bg4 13.Qc2 Qd7 14.d3 Rfd8 15.Na4 b6
16.Nb2 Ne8 17.Bg5 Rdc8 18.Be3 Nd6 19.a4 c5 20.bxc5 Nb7 21.a5 Nxc5 22.axb6 axb6
23.Nc4 Nxd3 24.Qb3 Be6 25.Nxb6 Bxb3 26.Nxd7 Bc2 27.Ra1 h6 28.Nb6 Rxa1 29.Rxa1 Rd8
30.Ra8  1/2-1/2

[Event "Dallas Pinfork op"]
[Site "Dallas"]
[Date "1996.??.??"]
[Round "?"]
[White "Ivanov, Alexander V"]
[Black "Chow, Albert"]
[Result "1-0"]
[WhiteElo "2280"]
[BlackElo "2300"]

1.e4 c5 2.Nf3 d6 3.d4 cxd4 4.Nxd4 Nf6 5.Nc3 g6 6.Be3 Bg7 7.f3 Nc6 8.Qd2 O-O
9.O-O-O d5 10.exd5 Nxd5 11.Nxc6 bxc6 12.Bd4 e5 13.Bc5 Be6 14.Ne4 Re8 15.h4 h6
16.g4 Qc7 17.g5 h5 18.Rh2 Red8 19.Qe1 Bf8 20.Rhd2 Bf5 21.Bxf8 Kxf8 22.Bc4 Nf4
23.Nd6 Rxd6 24.Rxd6 Re8 25.Qb4 c5 26.Qd2 Be6 27.Bxe6 Nxe6 28.Rd7 Qc6 29.Qd5  1-0

[Event "Dallas Pinfork op"]
[Site "Dallas"]
[Date "1996.??.??"]
[Round "?"]
[White "Ivanov, Alexander V"]
[Black "Ardaman, Miles"]
[Result "1-0"]
[WhiteElo "2280"]
[BlackElo "2365"]

1.e4 Nc6 2.d4 d5 3.Nc3 Nf6 4.e5 Nd7 5.Nf3 Nb6 6.h3 f6 7.Bb5 Be6 8.Bxc6+ bxc6
9.Qe2 Bf7 10.e6 Bg8 11.O-O Qd6 12.Re1 g5 13.a4 a5 14.b3 h5 15.g3 Bg7 16.Nh2 h4
17.Ba3 Qd8 18.Qg4 Nc8 19.Nf3 hxg3 20.fxg3 Nd6 21.h4 Qc8 22.hxg5 f5 23.Qf4 Bxe6
24.Bxd6 cxd6 25.Re2 O-O 26.Rae1 Bf7 27.Rxe7  1-0

[Event "RUS-ch sf"]
[Site "Ekaterinburg"]
[Date "1996.??.??"]
[Round "?"]
[White "Ivanov, Alexander V"]
[Black "Reutova, Ljudmila"]
[Result "1-0"]
[WhiteElo "2280"]
[BlackElo "2115"]

1.d4 Nf6 2.c4 e6 3.Nf3 b6 4.g3 Bb7 5.Bg2 d5 6.Ne5 Nbd7 7.Qa4 c6 8.Nc3 Nxe5
9.dxe5 Nd7 10.cxd5 exd5 11.O-O Bc5 12.Qg4 g6 13.Bg5 Be7 14.Bf4 h5 15.Qf3 g5
16.Be3 Nxe5 17.Qf5 Ng6 18.Rad1 Qc8 19.Qc2 Bf6 20.Qc1 Qf5 21.Bd4 Bxd4 22.Rxd4 O-O
23.e4 Qf6 24.Rfd1 c5 25.Rxd5 Bxd5 26.Rxd5 Ne5 27.f4 gxf4 28.gxf4 Ng6 29.Rg5 Qd4+
30.Kh1 Rad8 31.Nd5 Kg7 32.f5 Rd6 33.Bf3 Qf2 34.Qc3+ Qd4 35.Qc1 Qf2 36.Bxh5 Re8
37.Qc3+ Kh6 38.Qc1 Kg7 39.fxg6 fxg6 40.Qc3+ Kh7 41.Bxg6+ Rxg6 42.Rh5+ Rh6
43.Nf6+ Kg6 44.Rxh6+ Kf7 45.Qc4+ Re6 46.Qxe6+ Kxe6 47.Ng4+  1-0

[Event "RUS-ch sf"]
[Site "Ekaterinburg"]
[Date "1996.??.??"]
[Round "?"]
[White "Ivanov, Alexander V"]
[Black "Kobelev, Andrei"]
[Result "1-0"]
[WhiteElo "2280"]
[BlackElo "2390"]

1.d4 Nf6 2.Nf3 d6 3.g3 Nbd7 4.c4 e5 5.Nc3 c6 6.e4 Be7 7.Bg2 O-O 8.O-O a6
9.h3 b5 10.c5 Bb7 11.cxd6 Bxd6 12.dxe5 Nxe5 13.Nxe5 Bxe5 14.Be3 Qe7 15.Qc2 Rfe8
16.Ne2 c5 17.Bxc5 Rac8 18.Rac1 Bd6 19.Bxd6 Qxd6 20.Qd1 Qe6 21.Rxc8 Rxc8 22.Nf4 Qxa2
23.e5 Bxg2 24.exf6 Bb7 25.Qd7  1-0

[Event "Chicago op"]
[Site "Chicago"]
[Date "1997.??.??"]
[Round "4"]
[White "Balandin, Aleksey"]
[Black "Ivanov, Alexander"]
[Result "1/2-1/2"]
[WhiteElo "2370"]
[BlackElo "2600"]

1.e4 e5 2.Nf3 Nc6 3.Nc3 Nf6 4.d4 exd4 5.Nxd4 Bb4 6.Nxc6 bxc6 7.Bd3 Bxc3+
8.bxc3 d6 9.O-O Nd7 10.Be3 O-O 11.f4 c5 12.e5 Bb7 13.Qh5 g6 14.Qh3 f5 15.exf6 Nxf6
16.f5 Qd7 17.Bh6 Rfe8 18.Rf4 Re5 19.Raf1 g5 20.Bxg5 Rf8 21.Rh4 Rf7 22.Bc4 Bd5
23.Bxd5 Nxd5 24.Rg4 Kh8 25.c4 Rexf5 26.Re1 Nf6 27.Qc3 h5 28.Rg3 Kh7 29.Qd3 Ng4
30.Bd2 Ne5 31.Qe4 Qc6 32.Qh4 Ng6  1/2-1/2

[Event "US-op"]
[Site "Las Vegas"]
[Date "1997.??.??"]
[Round "1"]
[White "Baze, L."]
[Black "Ivanov, Alexander"]
[Result "0-1"]
[WhiteElo "2135"]
[BlackElo "2660"]

1.e4 g6 2.d4 Bg7 3.c4 c5 4.d5 d6 5.Bd3 Nf6 6.Ne2 Nbd7 7.Nbc3 O-O 8.O-O Ne5
9.f3 e6 10.b3 exd5 11.cxd5 Nxd3 12.Qxd3 a6 13.Bb2 b5 14.Nd1 a5 15.Qc2 Ba6
16.Ne3 Re8 17.Rfe1 h5 18.Rad1 Rc8 19.a3 Bh6 20.Ng3 Nd7 21.Qf2 c4 22.bxc4 bxc4
23.f4 c3 24.Ngf5 Bf8 25.e5 cxb2 26.Nxd6 Bxd6 27.exd6 Qb6 28.f5 Rxe3 29.Qxe3 Qxe3+
30.Rxe3 Rc1 31.Ree1 Rxd1 32.Rxd1 Bd3  0-1

[Event "US-op"]
[Site "Las Vegas"]
[Date "1997.??.??"]
[Round "4"]
[White "Ivanov, Alexander"]
[Black "Vigorito, David"]
[Result "1-0"]
[WhiteElo "2660"]
[BlackElo "2420"]

1.e4 c5 2.Nf3 d6 3.d4 cxd4 4.Nxd4 Nf6 5.Nc3 g6 6.Be3 Bg7 7.f3 Nc6 8.Qd2 O-O
9.O-O-O Nxd4 10.Bxd4 Be6 11.Kb1 Qc7 12.h4 Rfc8 13.h5 Qa5 14.hxg6 hxg6 15.a3 Rab8
16.Bd3 Bc4 17.g4 b5 18.Bxc4 Rxc4 19.Bxf6 Bxf6 20.Nd5 Qxd2 21.Rxd2 Kg7 22.Rdh2 Rg8
23.Rh7+ Kf8 24.Nxf6 exf6 25.Rh8 d5 26.exd5 Rd4 27.Rxg8+ Kxg8 28.Kc1 Rxd5
29.Rd1 Re5 30.Rd7 Re3 31.Rxa7 Rxf3 32.a4 bxa4 33.Rxa4 g5 34.Rd4 Kf8 35.b4 f5
36.b5 fxg4 37.b6 Rf1+ 38.Rd1  1-0

[Event "New York op"]
[Site "New York"]
[Date "1997.??.??"]
[Round "?"]
[White "Olafsson, Helgi"]
[Black "Ivanov, Alexander"]
[Result "1/2-1/2"]
[WhiteElo "2500"]
[BlackElo "2600"]

1.c4 e5 2.Nc3 Nc6 3.e3 Nf6 4.Nf3 Be7 5.d4 exd4 6.Nxd4 Bb4 7.Qc2 Nxd4 8.exd4 Qe7+
9.Be2 Qe4 10.Qxe4+ Nxe4  1/2-1/2

[Event "New York op"]
[Site "New York"]
[Date "1997.??.??"]
[Round "?"]
[White "Ivanov, Alexander"]
[Black "Metrick, Andrew"]
[Result "1-0"]
[WhiteElo "2600"]
[BlackElo "2280"]

1.e4 c6 2.d4 d5 3.Nd2 dxe4 4.Nxe4 Nf6 5.Nxf6+ gxf6 6.c3 Bf5 7.Nf3 e6 8.g3 Bd6
9.Bg2 Be4 10.O-O Qe7 11.Re1 f5 12.Nh4 Rg8 13.Bxe4 Qxh4 14.Bxf5 Nd7 15.Bxe6 O-O-O
16.Bxd7+ Kxd7 17.Qf3 f5 18.Qxf5+ Kc7 19.Re4 Rgf8 20.Rxh4 Rxf5 21.Rxh7+ Kb6
22.Be3 c5 23.dxc5+ Bxc5 24.Bxc5+ Kxc5 25.Rxb7 Rd2 26.Rf1 a5 27.b4+ Kc4 28.f4 Rh5
29.Rf2  1-0

[Event "New York op"]
[Site "New York"]
[Date "1997.??.??"]
[Round "?"]
[White "Dlugy, Maxim"]
[Black "Ivanov, Alexander"]
[Result "1/2-1/2"]
[WhiteElo "2530"]
[BlackElo "2600"]

1.d4 Nf6 2.Nf3 e6 3.g3 b5 4.Qd3 c6 5.c3 d5 6.Nbd2 a5 7.e4 Ba6 8.Qe3 dxe4
9.Nxe4 Nxe4 10.Qxe4 Qd5 11.Qe3 Be7 12.b3 c5 13.Bg2 cxd4 14.Qxd4 Bf6 15.Qxd5 exd5
16.Nd4 Nc6 17.Be3 Rc8 18.Bxd5  1/2-1/2

[Event "World op"]
[Site "Philadelphia"]
[Date "1998.06.30"]
[Round "4"]
[White "Delaune, Richard K"]
[Black "Ivanov, Alexander"]
[Result "1-0"]
[WhiteElo "2365"]
[BlackElo "2545"]

1.c4 g6 2.Nc3 Bg7 3.g3 e5 4.Bg2 Ne7 5.d3 c6 6.e4 d6 7.Nge2 Be6 8.Be3 O-O
9.O-O f5 10.f4 Nd7 11.h3 Kh8 12.Qd2 h6 13.Rad1 Qc7 14.b3 Rae8 15.d4 fxe4
16.dxe5 dxe5 17.g4 Nf6 18.fxe5 Qxe5 19.Bd4 Qc7 20.Nf4 Neg8 21.Nxe6 Rxe6 22.g5  1-0

[Event "World op"]
[Site "Philadelphia"]
[Date "1998.07.01"]
[Round "5"]
[White "Ivanov, Alexander"]
[Black "Rowley, Robert"]
[Result "1-0"]
[WhiteElo "2545"]
[BlackElo "2355"]

1.e4 c6 2.d4 d5 3.e5 Bf5 4.Nf3 e6 5.a3 c5 6.c4 dxc4 7.Bxc4 Nc6 8.Be3 cxd4
9.Nxd4 Nxd4 10.Bxd4 a6 11.Nc3 Ne7 12.Be3 Qxd1+ 13.Rxd1 Nc6 14.f4 Rc8 15.Be2 Na5
16.Bb6 Nb3 17.Nb5 Bc2 18.Nd6+ Bxd6 19.Rxd6 Be4 20.O-O O-O 21.Bd1 Nc5 22.Re1 Bd5
23.Bc2 Nd7 24.Be4 Bxe4 25.Rxe4 Rc1+ 26.Kf2 Rc2+ 27.Re2 Rxe2+ 28.Kxe2 Nxb6
29.Rxb6 Rb8 30.Rd6 g5 31.fxg5 Rc8 32.Kd3 Rc5 33.Rb6 Rxe5 34.Rxb7 Rxg5 35.g3 a5
36.a4 h5 37.Rb5 Rg4 38.Rxa5 h4 39.gxh4 Rxh4 40.Ra8+ Kg7 41.a5 Rh3+ 42.Kc4 Rh4+
43.Kc5 Rh5+ 44.Kc6 Rxh2 45.b4 Rc2+ 46.Kb6 f5 47.a6 f4 48.a7 Ra2 49.Rc8 e5
50.Rc5 Rxa7 51.Kxa7 Kf6 52.b5 f3 53.b6 f2 54.Rc1 e4 55.b7 e3 56.b8=Q  1-0

[Event "World op"]
[Site "Philadelphia"]
[Date "1998.07.03"]
[Round "7"]
[White "Ivanov, Alexander"]
[Black "Basescu, Neil"]
[Result "1-0"]
[WhiteElo "2545"]
[BlackElo "2215"]

1.e4 e5 2.Nf3 Nc6 3.Bb5 a6 4.Ba4 Nf6 5.Qe2 d6 6.c3 g6 7.Bxc6+ bxc6 8.d4 exd4
9.cxd4 Bg7 10.e5 dxe5 11.dxe5 Nd5 12.Bg5 Qd7 13.O-O Rb8 14.Nc3 Nxc3 15.bxc3 O-O
16.Rad1 Qf5 17.Bd8 Rb7 18.Qxa6 Rb4 19.Qxc6 Bb7 20.Qd7 Bxf3 21.Qxf5 gxf5 22.cxb4 Bxd1
23.Rxd1 Bxe5 24.Rd7 c6 25.a4 Re8 26.h3 Bc3 27.Be7 Kg7 28.a5 Ra8 29.Bc5 Ra6
30.Kf1 Kf6 31.Ke2 Be5 32.f4 Bb8 33.Rb7 Ra8 34.Rb6  1-0